Allgemein Wissen Länder - Statistiken

Allgemein
  • Dieses Quiz wurde 464 mal gespielt
    411 seit der letzten Aktualisierung
  • Das Durchschnittsergebnis liegt bei 45 aus 115
Antwortstatistiken
Tipp Antwort % Korrekt
Was bedeutet ت? A
99%
Kontinent Asien
97%
Kontinent Europa
97%
Kontinent Nord Amerika
97%
Kontinent Süd Amerika
97%
Kontinent Australien und Ozeanien
94%
Kontinent Afrika
89%
Kontinent Antarktika
83%
Kältestes Ort Antarktis
83%
Länder Der Sowjet Union | Was ist das Größte Land Russland
81%
Hauptstadt der Republik Frankreich Paris
79%
Hauptstadt der Republik Spanien Madrid
77%
Was bedeutet ი? I
72%
Nachbarland der RepublikTaiwan | Welches Land hat die meisten Menschen? | Wo Spielt "Mulan"? China
69%
Länder der Sowjet Union Ukraine
65%
Kleinster Binnenstaat | Kleinstes Italienisches Land (außer der Republik Italien) | Was ist das Kleinste Land Vatikanstadt
62%
Dritt Kältestes Land | Größtes Französisches Land (außer der Republik Frankreich) | Nachbarland der Republik Grönland Kanada
61%
Länder der Sowjet Union Weissrussland
61%
Wo ist Amanda Ava Koci geboren? (Ava Max) Vereinigte Staaten von Amerika
60%
Hauptstadt der Republik Israel & der Republik Palästina Jerusalem
59%
Größter Binnenstaat | Größtes Russisches Land (außer der Republik Russland) | Länder der Sowjet Union Kasachstan
58%
Kontinentsname Europa + Asien+ Afrika Afro-Eurasien
56%
Kontinentsname Europa + Asien Eurasien
56%
Länder der Sowjet Union Lettland
56%
Länder der Sowjet Union Estland
55%
Von wo ist der Präsident Macrón? Frankreich
54%
Länder der Sowjet Union Litauen
54%
Demokratische Volksrepublik Korea Nord Korea
54%
Republik Korea Süd Korea
53%
Sudan Teil 1 Sudan
52%
Abkürzung von der Sowjet Union USSR
51%
Wo Spielt "Schneewittchen"? Deutschland
50%
Größter Doppel Binnenstaat | Länder der Sowjet Union Usbekistan
50%
Länder der Sowjet Union | Von wo ist Salome Surabischwilli die Präsidentin? | Wo wurde Stalin geboren? Georgien
49%
Sudan Teil 2 Südsudan
49%
Wo Spielt "Das Dschungel Buch"? Indien
47%
Kleinster Doppel Binnenstaat Liechtenstein
47%
Länder der Sowjet Union Turkmenistan
46%
Ägypten Teil 1 Ägypten
45%
Länder der Sowjet Union Armenien
44%
Länder der Sowjet Union Kirgisistan
44%
Länder der Sowjet Union Aserbaidschan
43%
Größter Staat der Vereinigten Staaten von Amerika Alaska
42%
Länder der Sowjet Union Tadschikistan
42%
Länder der Sowjet Union Moldau
41%
Nachbarland Dominikanische Republik Haiti
40%
Nachbar Land von Republik Suriname undRepublik Brasilien (Staatsname) Französisch Guyana
39%
Zypern Teil 1 Zypern
39%
Kleinstes Französisches Land Monaco
38%
Wo Spielt "Coco"? Mexiko
37%
Puppenstaat der Sowjet Union Mongolei
37%
Kleinstes Deutsches Land (außer der Bundesrepublik Deutschland) Liechtenstein
36%
Zweit Wärmstes Land Iran
35%
Letztes -stan Land im Quiz Islamische Staaten von Afghanistan
34%
Hauptstadt von Wales (Walisien) Cardiff
33%
Zweit Kältestes Ort Grönland
33%
Region von China (Land) Taiwan
33%
Dritt Wärmstes Land Pakistan
32%
Hauptstadt der RepublikAserbaidschan Baku
31%
Wo Spielt "Rot"? Japan
31%
Region von Serbien (Land) Kosovo
27%
Kleinstes Land der Arabischen League Bahrain
26%
Region von China (Land) Hongkong
22%
Zypern Teil 2 Nord Zypern
22%
Größtes Land der Arabischen League Algerien
21%
Wo Spielt "Encanto"? Kolumbien
19%
Unanerkannter Staat von dem
Vereinigten Königreich VonGroßbritannien
Und Nordirland
Schottland
19%
Größter unanerkannter Staat von der Demokratisches Volksrepublik von China Tibet
19%
Sprache in Abchasien Russisch
18%
Unanerkannter Staat
von der Bundesrepublik Deutschland
Bayern
17%
Halb Kontinent Zentral Amerika
17%
Was bedeutet أ ب ت? | Was bedeutet აბგ? ABC
15%
Hauptstadt derRepublik Timor-Leste Dili
15%
Größte Insel von der Republik Japan Honshū
15%
Welches Land hat 21qkm | Welches Land hat die meisten DickenMenchen? (89%) Nauru
14%
Einzige Kolonie desKönigreich von Dänemark
(Grönland ist nun Unabhängig)
Färöer Inseln
12%
Sprache in Abchasien Georgisch
12%
Ägypten Teil 2 Sina
10%
Unanerkannter Staat von der Republik Kanada Québec
9%
Sprache in Abchasien Abchasisch
7%
Länder der Sowjet Union Abchasien
6%
Länder der Sowjet Union Kaliningrad
6%
Länder der Sowjet Union Krimea
6%
Wärmstes Land Burkina Faso
5%
Halb Kontinent Naher Osten
5%
Unanerkannter Staat von der Republik Frankreich Bretagne
4%
Nicht Unabhängiger Staat von der Republik Indonesien Sumatra
4%
Halb Kontinent Karibik
3%
Region von China (Land) Macao
3%
Hauptstadt der Republik Kiribati Tarawa
3%
Hauptstadt der Republik Palau Koror
2%
Hauptstadt der Republik Palau Melekeok
2%
Kleinstes Russisches Land Südossetien
2%
Halb Kontinent Kaukasus
1%
Halb Kontinent Polynesien
1%
Länder der Sowjet Union Südossetien
1%
Länder derSowjet Union Adscharien
0%
Halb Kontinent Astronesien
0%
Halb Kontinent Melanesien
0%
Länder der Sowjet Union Nagorno-Karabakh
0%
Hauptstadt Abchasien Sukhumi
0%
Keine übereinstimmenden Quizze gefunden
Verteilung der Resultate
Anzahl Personen mit jedem Resultat
Perzentil nach korrekt beantworteten Fragen
Ihre Resultats-Entwicklung
Sie haben dieses Quiz seit der letzten Aktualisierung nicht gespielt